00365nam a2200121Ia 4500008004100000040001700041041001200058082001600070100002300086245011400109260000900223300001100232230917s9999||||xx |||||||||||||| ||und|| e248038aMAIN aEnglish a353.5 T591H aTomar, Ketan Singh 0aHaryana mein mahila police thanon ki bhoomika: Rohtak va Sonipat jile ke mahila police thanon ka and adhyayan c2017 a159 p.